LEADER 04923nas# 22005171i 450 001 UON00012951 005 20231205101941.530 011 $a0004-3249 100 $a20020107a1960 |0itac50 ba 101 $aeng 102 $aUS 105 $a||||X ||||| 110 $aaQ||||||||| 200 1 $aArt Journal$fCollege Art Association 207 $a[Vol. 20, no. 1 (Fall 1960)]- 210 $aNew York$cCollege Art Association$d [1960]- 215 $a v.$d28 cm 300 $aTrimestrale. - Online. 316 $aFATT. E PAG. CON CAA, LIBRARY MEMBERSHIP. - Comprende vol. 72, n. 1 (2013).$5IT-UONSI A Per2041/2012/13 (71/72) 316 $aFATT.E PAG. CON CAA NEWS + ART BULL$5IT-UONSI A Per2041/2011 (70) 316 $aFATT.E PAG. CON CAA NEWS + ART J.+ ART BULL$5IT-UONSI A Per2041/2001 (60) 316 $aFATT.E PAG. CON CAA NEWS + ART J.+ ART BULL$5IT-UONSI A Per2041/2002 (61) 316 $aFatt. 0177849912 8.3.98 Mand. 636 7.12.99$5IT-UONSI A Per2041/2000 (59) 316 $aFatt. con CAA News$5IT-UONSI A Per2041/2004 (63) 316 $afatt. con CAA NEWS$5IT-UONSI A Per2041/2005 (64) 316 $aFatturato con CAA NEWS$5IT-UONSI A Per2041/2007 (66) 316 $aFatt. con CAA News$5IT-UONSI A Per2041/2006 (65) 316 $aFATT. CON CAA$5IT-UONSI A Per2041/2008 (67) 316 $aFATT. E PAG. CON CAA$5IT-UONSI A Per2041/2009 (68) 316 $aV. 69 (2010); FATT. E PAG. CON CAA$5IT-UONSI A Per2041/2010 (69) 620 $aUS$dNew York$3UONL000050 686 $aUS$cSTATI UNITI - PERIODICI$2A 686 $aDISDETTI$cABBONAMENTI DISDETTI - PERIODICI$2A 686 $aTITOLI ELETTRONICI$cTITOLI ELETTRONICI - PERIODICI$2A 712 02$aCollege Art Association$cNew York$3UONV009811 712 $aCollege Art Association$3UONV247693$4650 791 02$aCAA$zCollege Art Association $3UONV213143 801 $aIT$bSOL$c20240220$gRICA 856 4 $uhttp://eds.b.ebscohost.com/eds/command/detail?sid=54c12f55-bf60-42eb-81fb-5654ac073c55%40sessionmgr113&vid=24&hid=113&bdata=Jmxhbmc9aXQmc2l0ZT1lZHMtbGl2ZQ%3d%3d#jid=ARJ&db=hus$zhttp://eds.b.ebscohost.com/eds/command/detail?sid=54c12f55-bf60-42eb-81fb-5654ac073c55%40sessionmgr113&vid=24&hid=113&bdata=Jmxhbmc9aXQmc2l0ZT1lZHMtbGl2ZQ%3d%3d#jid=ARJ&db=hus 856 4 $uhttp://www.jstor.org/journal/artj$zMoving wall: 3 anni 899 $aSIBA - SISTEMA BIBLIOTECARIO DI ATENEO$2UONSI$453(1994)-57(1998); 59(2000)-72(2013),n.1; lac.:62; poi solo online-$cPer 2041 ; 912 $aUON00012951 950 $aSIBA - SISTEMA BIBLIOTECARIO DI ATENEO$bSI 53(1994)-57(1998); 59(2000)-72(2013),n.1; lac.:62; poi solo online-$dSI A Per 2041 2012/13 (71/72) $eSI 2496 7 2012/13 (71/72) FATT. E PAG. CON CAA, LIBRARY MEMBERSHIP. - Comprende vol. 72, n. 1 (2013).$sBuono$dSI A Per 2041 2011 (70) $eSI 4612 7 2011 (70) FATT.E PAG. CON CAA NEWS + ART BULL$dSI A Per 2041 2001 (60) $eSI 4615 7 2001 (60) FATT.E PAG. CON CAA NEWS + ART J.+ ART BULL$dSI A Per 2041 2002 (61) $eSI 4616 7 2002 (61) FATT.E PAG. CON CAA NEWS + ART J.+ ART BULL$dSI A Per 2041 1994 (53) $eSI SA 77423 7 1994 (53) $dSI A Per 2041 1995 (54) $eSI SA 80101 7 1995 (54) $sBuono$dSI A Per 2041 1996 (55) $eSI SA 84093 7 1996 (55) $sBuono$dSI A Per 2041 1997 (56) $eSI SA 86561 7 1997 (56) $sBuono$dSI A Per 2041 1998 (57) $eSI SA 88639 7 1998 (57) $sBuono$dSI A Per 2041 2000 (59) $eSI SA 93482 7 2000 (59) Fatt. 0177849912 8.3.98 Mand. 636 7.12.99$sBuono$dSI A Per 2041 2004 (63) $eSI SA 111109 7 2004 (63) Fatt. con CAA News$eSI SA 113607 7 2005 (64) fatt. con CAA NEWS$eSI SA 121352 7 2007 (66) Fatturato con CAA NEWS$eSI SA 124560 7 2006 (65) Fatt. con CAA News$eSI SA 124714 7 2008 (67) FATT. CON CAA$sBuono$eSI SA 126086 7 2009 (68) FATT. E PAG. CON CAA$dSI A Per 2041 2010 (69) $eSI SA 127905 7 2010 (69) V. 69 (2010); FATT. E PAG. CON CAA 951 $aSIBA - SISTEMA BIBLIOTECARIO DI ATENEO$bSI2012SA264 0J 20120111V. 71 (2012); FATT. E PAG. CON CAA, LIBRARY MEMBERSHIP; 996 $aArt journal$9649887 997 $aUNIOR LEADER 02962nam 2200445z- 450 001 9910220045203321 005 20210211 035 $a(CKB)3800000000216325 035 $a(oapen)https://directory.doabooks.org/handle/20.500.12854/40925 035 $a(oapen)doab40925 035 $a(EXLCZ)993800000000216325 100 $a20202102d2016 |y 0 101 0 $aeng 135 $aurmn|---annan 181 $ctxt$2rdacontent 182 $cc$2rdamedia 183 $acr$2rdacarrier 200 00$aAnthropogenic Impacts on the Microbial Ecology and Function of Aquatic Environments 210 $cFrontiers Media SA$d2016 215 $a1 online resource (248 p.) 225 1 $aFrontiers Research Topics 311 08$a2-88919-939-8 330 $aAquatic ecosystems are currently experiencing unprecedented levels of impact from human activities including over-exploitation of resources, habitat destruction, pollution and the influence of climate change. The impacts of these activities on the microbial ecology of aquatic environments are only now beginning to be defined. One of the many implications of environmental degradation and climate change is the geographical expansion of disease- causing microbes such as those from the Vibrio genus. Elevating sea surface temperatures correlate with increasing Vibrio numbers and disease in marine animals (e.g. corals) and humans. Contamination of aquatic environments with heavy metals and other pollutants affects microbial ecology with downstream effects on biogeochemical cycles and nutrient turnover. Also of importance is the pollution of aquatic environments with antibiotics, resistance genes and the mobile genetic elements that house resistance genes from human and animal waste. Such contaminated environments act as a source of resistance genes long after an antibiotic has ceased being used in the community. Environments contaminated with mobile genetic elements that are adapted to human commensals and pathogens function to capture new resistance genes for potential reintroduction back into clinical environments. This research topic encompasses these diverse topics and describes the affect(s) of human activity on the microbial ecology and function in aquatic environments and, describes methods of restoration and for modelling disturbances. 606 $aMicrobiology (non-medical)$2bicssc 610 $aAnthropogenic impact 610 $aantibiotic resistance 610 $aAquatic environments 610 $aClimate Change 610 $apollution 610 $arestoration 610 $aWater Quality 615 7$aMicrobiology (non-medical) 700 $aJustin R. Seymour$4auth$01315281 702 $aMaurizio Labbate$4auth 702 $aMark V. Brown$4auth 702 $aFederico Lauro$4auth 906 $aBOOK 912 $a9910220045203321 996 $aAnthropogenic Impacts on the Microbial Ecology and Function of Aquatic Environments$93032335 997 $aUNINA